[Event "Cologne Longerich op-B 12th"]
[Site "Cologne"]
[Date "2015.08.02"]
[Round "5"]
[White "Jakob, Gudrun"]
[Black "Reiter, Ute"]
[Result "1-0"]
[WhiteElo "1095"]
[BlackElo "1057"]
[PlyCount "101"]
[EventDate "2015.07.31"]
[EventType "tourn"]
[EventRounds "5"]
[EventCountry "GER"]
[SourceTitle "EXT 2017"]
[Source "ChessBase"]
[SourceDate "2016.10.25"]
[SourceVersion "1"]
[SourceVersionDate "2016.10.25"]
[SourceQuality "1"]

1. d4 d5 2. c4 c6 3. Nc3 Nf6 4. Bg5 Nbd7 5. Nf3 h6 6. Bf4 e6 7. e3 Be7 8. Bd3 dxc4 9. Bxc4 b5 10. Bd3 Bb7 11. e4 a6 12. e5 Nd5 13. Nxd5 cxd5 14. 0-0 g5 15. Bd2 g4 16. Ne1 h5 17. g3 Nf8 18. Ng2 Ng6 19. f4 h4 20. f5 exf5 21. Bxf5 Rg8 22. Bxg4 hxg3 23. h3 Bc8 24. e6 Bxe6 25. Bxe6 Nh8 26. Qh5 Rf8 27. Bh6 Qb6 28. Rad1 Qxe6 29. Bxf8 Kd7 30. Bxe7 Qxe7 31. Qf5+ Qe6 32. Qf4 Qxh3 33. Qf5+ Qxf5 34. Rxf5 Ke6 35. Re5+ Kd6 36. Rg5 Rc8 37. Rxg3 Rc2 38. Rb1 Rd2 39. Rg4 f5 40. Rf4 Ke6 41. Re1+ Kf6 42. Nh4 Kg5 43. Ref1 Rxb2 44. Nxf5 Re2 45. Nd6 Ng6 46. Rf5+ Kg4 47. Rxd5 Nf4 48. Re5 Nh3+ 49. Kh1 Rxa2 50. Re4+ Kg3 51. Nf5# 1-0

[Event "Cologne Longerich op-B 12th"]
[Site "Cologne"]
[Date "2015.08.01"]
[Round "3"]
[White "Jakob, Gudrun"]
[Black "Kaehnert, Marc"]
[Result "0-1"]
[WhiteElo "1095"]
[BlackElo "1516"]
[PlyCount "78"]
[EventDate "2015.07.31"]
[EventType "tourn"]
[EventRounds "5"]
[EventCountry "GER"]
[SourceTitle "EXT 2017"]
[Source "ChessBase"]
[SourceDate "2016.10.25"]
[SourceVersion "1"]
[SourceVersionDate "2016.10.25"]
[SourceQuality "1"]

1. e4 d5 2. e5 c5 3. Nf3 a6 4. d4 Bg4 5. Be2 e6 6. Nc3 Bxf3 7. Bxf3 cxd4 8. Qxd4 Nc6 9. Qd1 Nxe5 10. 0-0 Nxf3+ 11. Qxf3 Nf6 12. Re1 Be7 13. Bf4 0-0 14. Rad1 h6 15. Be5 Nd7 16. Bg3 Bf6 17. Bd6 Re8 18. Qg3 Qb6 19. b3 Bxc3 20. Qxc3 Qxd6 21. Qe3 Qc5 22. Qxc5 Nxc5 23. b4 Ne4 24. f3 Nc3 25. Ra1 b5 26. Kf2 Rac8 27. Rec1 Rc4 28. a3 Rec8 29. Ke3 g5 30. Kd3 h5 31. h3 h4 32. Kd2 Kg7 33. Rf1 Kg6 34. Rac1 Kf5 35. g4+ hxg3 36. Kd3 Rh8 37. Rh1 Na4 38. Rcg1 Kf4 39. Rf1 g2 0-1

[Event "Cologne Longerich op-B 11th"]
[Site "Cologne"]
[Date "2014.08.02"]
[Round "2"]
[White "Scheffler, Juergen"]
[Black "Jakob, Gudrun"]
[Result "1-0"]
[WhiteElo "1306"]
[BlackElo "1016"]
[PlyCount "91"]
[EventDate "2014.08.01"]
[EventType "swiss"]
[EventRounds "5"]
[EventCountry "GER"]
[SourceTitle "EXT 2022"]
[Source "ChessBase"]
[SourceDate "2021.10.06"]
[SourceVersion "1"]
[SourceVersionDate "2021.10.06"]
[SourceQuality "1"]

1. d4 d6 2. c4 Nd7 3. Nf3 c5 4. d5 Nb6 5. e4 e5 6. Nc3 Nf6 7. b3 Bg4 8. h3 Bh5 9. Be2 Be7 10. 0-0 0-0 11. Nh2 Bg6 12. Bf3 Nbd7 13. Ng4 Rb8 14. a4 Qb6 15. Re1 a5 16. Nb5 Ne8 17. Bd2 f5 18. exf5 Bxf5 19. Be4 Bxe4 20. Rxe4 Nef6 21. Nxf6+ Nxf6 22. Re2 Nd7 23. Qe1 Ra8 24. Re3 Bf6 25. Rb1 Bh4 26. Re2 Nf6 27. g3 Bxg3 28. fxg3 Nh5 29. Rg2 Qd8 30. Qe2 Nf6 31. Bg5 b6 32. Rf1 h6 33. Bxf6 Rxf6 34. Rgf2 Rxf2 35. Rxf2 Qg5 36. Qf3 Rd8 37. Kg2 h5 38. h4 Qg6 39. Nc7 e4 40. Qe3 Rd7 41. Ne6 Rf7 42. Rxf7 Kxf7 43. Ng5+ Kg8 44. Nxe4 Kh8 45. Qf4 Kg8 46. Nxd6 1-0

[Event "Cologne Longerich op-B 12th"]
[Site "Cologne"]
[Date "2013.07.20"]
[Round "2"]
[White "Jakob, Gudrun"]
[Black "Hoferichter, Michael"]
[Result "0-1"]
[WhiteElo "1033"]
[BlackElo "1269"]
[PlyCount "62"]
[EventDate "2013.07.19"]
[EventType "tourn"]
[EventRounds "5"]
[EventCountry "GER"]
[SourceTitle "EXT 2017"]
[Source "ChessBase"]
[SourceDate "2016.10.25"]
[SourceVersion "1"]
[SourceVersionDate "2016.10.25"]
[SourceQuality "1"]

1. e4 e6 2. d4 d5 3. Nc3 Nf6 4. e5 Nfd7 5. Nf3 c5 6. Bg5 Be7 7. Bf4 Nc6 8. Be2 Qb6 9. Na4 Qb4+ 10. c3 Qa5 11. 0-0 b5 12. b4 Qxa4 13. Qxa4 bxa4 14. dxc5 a6 15. c4 Nxb4 16. cxd5 Nxd5 17. Bg3 Nxc5 18. Rac1 Ne4 19. Nd4 Nxg3 20. fxg3 0-0 21. Nc6 Bg5 22. Rc2 Ne3 23. Rc3 Nxf1 24. Kxf1 Bb7 25. Bf3 Bxc6 26. Bxc6 Rfc8 27. h4 Be7 28. Ke2 Rf8 29. Kf3 f6 30. Ke4 fxe5 31. Kxe5 Bf6+ 0-1

[Event "Cologne Ford op 17th"]
[Site "Cologne"]
[Date "2011.05.23"]
[Round "6"]
[White "Klems, Alexander"]
[Black "Jakob, Gudrun"]
[Result "1-0"]
[WhiteElo "1376"]
[BlackElo "977"]
[PlyCount "65"]
[EventDate "2011.04.12"]
[EventType "swiss"]
[EventRounds "7"]
[EventCountry "GER"]
[SourceTitle "EXT 2012"]
[Source "ChessBase"]
[SourceDate "2011.11.24"]
[SourceVersion "1"]
[SourceVersionDate "2011.11.24"]
[SourceQuality "1"]

1. f4 d5 2. d4 Nc6 3. e3 Nf6 4. Nd2 e6 5. c3 Be7 6. Bd3 0-0 7. Ngf3 Bd7 8. 0-0 Re8 9. Ne5 Bd6 10. Rf3 h6 11. Rh3 Nh7 12. Qg4 Nxe5 13. fxe5 Be7 14. Rxh6 Bg5 15. Rxh7 g6 16. Rh3 Kg7 17. Nf3 Be7 18. e4 Rh8 19. Bg5 Rxh3 20. Bxe7 Qxe7 21. Qxh3 Rh8 22. Qg3 c5 23. exd5 exd5 24. Rf1 c4 25. Ng5 Be6 26. Nxe6+ Qxe6 27. Rf6 Qe8 28. Bf5 Rh6 29. Rd6 Qb5 30. e6 Qxb2 31. Qe5+ f6 32. Rd7+ Kg8 33. Qb8# 1-0

[Event "Cologne Ford op 17th"]
[Site "Cologne"]
[Date "2011.04.??"]
[Round "1"]
[White "Jakob, Gudrun"]
[Black "Rozsa, Sandor"]
[Result "0-1"]
[WhiteElo "977"]
[BlackElo "1670"]
[PlyCount "40"]
[EventDate "2011.04.12"]
[EventType "swiss"]
[EventRounds "7"]
[EventCountry "GER"]
[SourceTitle "EXT 2012"]
[Source "ChessBase"]
[SourceDate "2011.11.24"]
[SourceVersion "1"]
[SourceVersionDate "2011.11.24"]
[SourceQuality "1"]

1. e4 e5 2. Nf3 Bc5 3. Bc4 Nc6 4. d3 h6 5. Nc3 Nf6 6. 0-0 d6 7. h3 a6 8. a3 Qe7 9. Re1 g5 10. Nh2 h5 11. b4 Bd4 12. Bd2 g4 13. hxg4 hxg4 14. g3 Bd7 15. Rb1 b5 16. Bd5 0-0-0 17. Kg2 Bxf2 18. Kxf2 Rxh2+ 19. Kg1 Rdh8 20. Be3 Rh1+ 0-1

[Event "Cologne Ford op"]
[Site "Cologne"]
[Date "2010.05.03"]
[Round "3"]
[White "Heider, Arno"]
[Black "Jakob, Gudrun"]
[Result "1-0"]
[WhiteElo "1560"]
[BlackElo "999"]
[PlyCount "59"]
[EventDate "2010.04.19"]
[EventType "swiss"]
[EventRounds "7"]
[EventCountry "GER"]
[SourceTitle "EXT 2011"]
[Source "ChessBase"]
[SourceDate "2010.11.26"]
[SourceVersion "1"]
[SourceVersionDate "2010.11.26"]
[SourceQuality "1"]

1. d4 d5 2. c4 c6 3. cxd5 cxd5 4. Nc3 Nf6 5. Nf3 Bf5 6. Bf4 e6 7. e3 Bb4 8. Bb5+ Nbd7 9. 0-0 0-0 10. a3 Ba5 11. Rc1 a6 12. Bd3 Bg4 13. b4 Bc7 14. Bxc7 Qxc7 15. Nxd5 Qd6 16. Nxf6+ Nxf6 17. h3 Bxf3 18. Qxf3 Rab8 19. Rc2 Rfe8 20. Rd1 Qb6 21. Rdc1 Qd6 22. Qe2 Nd5 23. Rc5 f5 24. Qf3 f4 25. e4 Ne7 26. d5 e5 27. Qg4 b5 28. Rc7 h6 29. R1c6 Nxc6 30. Qxg7# 1-0

[Event "Cologne Ford op"]
[Site "Cologne"]
[Date "2009.06.15"]
[Round "7"]
[White "Raupach, Birgit"]
[Black "Jakob, Gudrun"]
[Result "0-1"]
[WhiteElo "978"]
[BlackElo "1077"]
[PlyCount "58"]
[EventDate "2009.04.27"]
[EventType "swiss"]
[EventRounds "7"]
[EventCountry "GER"]
[SourceTitle "EXT 2011"]
[Source "ChessBase"]
[SourceDate "2010.11.26"]
[SourceVersion "1"]
[SourceVersionDate "2010.11.26"]
[SourceQuality "1"]

1. d4 d5 2. Nf3 Nc6 3. e3 Bf5 4. Bd2 e6 5. Be2 Nf6 6. 0-0 Be7 7. c4 0-0 8. Nc3 h6 9. c5 Rb8 10. Ne5 Nxe5 11. dxe5 Nd7 12. f4 Nxc5 13. Nb5 a6 14. Nd4 Be4 15. Bf3 Qd7 16. Rc1 Bxf3 17. Qxf3 Nd3 18. Rc2 c5 19. Ne2 Qa4 20. b3 Qb5 21. Nc3 Qd7 22. a3 c4 23. bxc4 dxc4 24. Ra2 Nc5 25. Qg4 Nb3 26. Rf3 Nxd2 27. Rxd2 Qxd2 28. Ne4 Qd1+ 29. Rf1 Qxg4 0-1

[Event "Cologne Ford op"]
[Site "Cologne"]
[Date "2009.05.18"]
[Round "4"]
[White "Jakob, Gudrun"]
[Black "Brausewetter, Joerg"]
[Result "0-1"]
[WhiteElo "1077"]
[BlackElo "1443"]
[PlyCount "82"]
[EventDate "2009.04.27"]
[EventType "swiss"]
[EventRounds "7"]
[EventCountry "GER"]
[SourceTitle "EXT 2011"]
[Source "ChessBase"]
[SourceDate "2010.11.26"]
[SourceVersion "1"]
[SourceVersionDate "2010.11.26"]
[SourceQuality "1"]

1. e4 d5 2. e5 Nc6 3. Nf3 f6 4. d4 Bg4 5. h3 Bxf3 6. Qxf3 Nxd4 7. Qh5+ g6 8. Qd1 fxe5 9. Nc3 e6 10. Be3 Bg7 11. Bxd4 exd4 12. Ne2 e5 13. Ng3 c6 14. Be2 Qa5+ 15. Kf1 h5 16. h4 0-0-0 17. f3 Nf6 18. Bd3 e4 19. fxe4 Rhf8 20. Kg1 dxe4 21. Nxe4 Nxe4 22. Bxe4 Qe5 23. Qe2 Qc5 24. Kh2 Rde8 25. Qd3 Rf4 26. Bxg6 Rxh4+ 27. Kg1 Rxh1+ 28. Kxh1 Rf8 29. Re1 h4 30. a3 a6 31. b4 Qc3 32. Re7 Qxd3 33. Bxd3 Bf6 34. Re2 Kc7 35. Re4 Kd6 36. Kh2 b5 37. Kh3 Kd5 38. Rg4 Re8 39. Rg6 Re3+ 40. Kh2 Be5+ 41. Kh1 Re1+ 0-1

[Event "Cologne Ford op"]
[Site "Cologne"]
[Date "2009.05.04"]
[Round "2"]
[White "Kronseder, Michael"]
[Black "Jakob, Gudrun"]
[Result "1-0"]
[WhiteElo "1520"]
[BlackElo "1077"]
[PlyCount "58"]
[EventDate "2009.04.27"]
[EventType "swiss"]
[EventRounds "7"]
[EventCountry "GER"]
[SourceTitle "EXT 2011"]
[Source "ChessBase"]
[SourceDate "2010.11.26"]
[SourceVersion "1"]
[SourceVersionDate "2010.11.26"]
[SourceQuality "1"]

1. Nf3 d5 2. c4 Nf6 3. g3 Bf5 4. Bg2 e6 5. b3 Be7 6. 0-0 0-0 7. Bb2 Nc6 8. d4 a6 9. Nc3 Nb4 10. a3 Nc2 11. Rc1 Nxa3 12. Ra1 Nc2 13. Rc1 Nb4 14. Nh4 Be4 15. f3 Bg6 16. Nxg6 fxg6 17. e4 dxe4 18. fxe4 c5 19. e5 Ne8 20. Rxf8+ Bxf8 21. d5 exd5 22. cxd5 Rb8 23. Qf3 Nc7 24. Rf1 b5 25. d6 Ne6 26. Qf7+ Kh8 27. Qxe6 Nd3 28. Ba1 Qb6 29. Nd5 c4+ 1-0

[Event "Cologne Longerich op 3rd"]
[Site "Cologne"]
[Date "2004.07.31"]
[Round "5"]
[White "Jakob, Gudrun"]
[Black "Reiter, Ute"]
[Result "1/2-1/2"]
[WhiteElo "1016"]
[BlackElo "1019"]
[PlyCount "43"]
[EventDate "2004.06.26"]
[EventType "swiss"]
[EventRounds "7"]
[EventCountry "GER"]
[SourceTitle "EXT 2006"]
[Source "ChessBase"]
[SourceDate "2005.11.24"]
[SourceVersion "1"]
[SourceVersionDate "2005.11.24"]
[SourceQuality "1"]

1. e4 c5 2. Nf3 Nc6 3. Bc4 Nf6 4. Nc3 a6 5. d4 e6 6. 0-0 b5 7. Be2 d6 8. Bg5 Be7 9. e5 Nd7 10. Bxe7 Qxe7 11. d5 Ncxe5 12. Re1 0-0 13. Ne4 Bb7 14. Nxe5 Nxe5 15. f4 Bxd5 16. fxe5 Bxe4 17. exd6 Qg5 18. Bd3 Bd5 19. b3 c4 20. Qe2 Rad8 21. Qe5 Qxe5 22. Rxe5 1/2-1/2

[Event "Cologne-ch 04"]
[Site "Cologne"]
[Date "2004.??.??"]
[Round "7"]
[White "Jakob, Gudrun"]
[Black "Melters, Hans"]
[Result "0-1"]
[WhiteElo "1042"]
[BlackElo "1299"]
[PlyCount "42"]
[EventDate "2004.01.??"]
[EventType "swiss"]
[EventRounds "7"]
[EventCountry "GER"]
[SourceTitle "EXT 2006"]
[Source "ChessBase"]
[SourceDate "2005.11.24"]
[SourceVersion "1"]
[SourceVersionDate "2005.11.24"]
[SourceQuality "1"]

1. d4 Nf6 2. Nc3 d5 3. Nf3 Bf5 4. e3 c5 5. b3 e6 6. Bb5+ Nc6 7. Ne5 Rc8 8. 0-0 Be7 9. Ne2 0-0 10. Nf4 Ne4 11. Bb2 Qa5 12. Bd3 c4 13. bxc4 Nxe5 14. dxe5 dxc4 15. Be2 c3 16. Bc1 Bb4 17. Qe1 Rfd8 18. Bd3 Qxe5 19. Qe2 Nf6 20. Rd1 Bxd3 21. Nxd3 Qd6 0-1